<?xml version="1.0" encoding="utf-8"?>
<?xml-stylesheet type='text/xsl' href='./oai2.xsl'?>
<OAI-PMH xmlns="http://www.openarchives.org/OAI/2.0/" xmlns:xsi="http://www.w3.org/2001/XMLSchema-instance" xsi:schemaLocation="http://www.openarchives.org/OAI/2.0/ http://www.openarchives.org/OAI/2.0/OAI-PMH.xsd">
  <responseDate>2026-04-28T01:55:10Z</responseDate>
  <request verb="GetRecord" metadataPrefix="marcxml" identifier="record_kuniweb_675992">https://kulturerbe.niedersachsen.de/oai</request>
  <GetRecord>
    <record>
      <header>
        <identifier>record_kuniweb_675992</identifier>
        <datestamp>2021-12-14T12:05:43Z</datestamp>
        <setSpec>slg0018</setSpec>
      </header>
      <metadata>
        <marc:record xmlns:marc="http://www.loc.gov/MARC21/slim" xsi:schemaLocation="http://www.loc.gov/MARC21/slim http://www.loc.gov/standards/marcxml/schema/MARC21slim.xsd">
          <marc:leader>12345nrm  22     uu 4500</marc:leader>
          <marc:controlfield tag="001">675992</marc:controlfield>
          <marc:controlfield tag="003">http://kuniweb.gbv.de</marc:controlfield>
          <marc:controlfield tag="005">2017-04-04T10:22:29</marc:controlfield>
          <marc:controlfield tag="008">|           ||||||||||||||||||||||</marc:controlfield>
          <marc:datafield tag="245" ind1="1" ind2="0">
            <marc:subfield code="a">Schatzfund von Lengerich</marc:subfield>
          </marc:datafield>
          <marc:datafield tag="655" ind1=" " ind2="7">
            <marc:subfield code="a">Archäologie</marc:subfield>
          </marc:datafield>
          <marc:datafield tag="046" ind1=" " ind2=" ">
            <marc:subfield code="k">0301</marc:subfield>
            <marc:subfield code="k">4. Jahrhundert n. Chr.</marc:subfield>
            <marc:subfield code="l">0360</marc:subfield>
          </marc:datafield>
          <marc:datafield tag="260" ind1=" " ind2=" ">
            <marc:subfield code="g">0301</marc:subfield>
            <marc:subfield code="g">0360</marc:subfield>
            <marc:subfield code="g">4. Jahrhundert n. Chr.</marc:subfield>
          </marc:datafield>
          <marc:datafield tag="520" ind1=" " ind2=" ">
            <marc:subfield code="a">Der Schatzfund von Lengerich ist der größte bekannte Edelmetallschatz der Römischen Kaiserzeit aus Nordwestdeutschland. Im 19. Jh. wurden fast alle seine Bestandteile eingeschmolzen, darunter ein kostbarer Halsschmuck. Der Schatz enthielt u. a. die Rangabzeichen eines Offiziers der römischen Armee: eine Zwiebelknopffibel aus reinem Gold und zwei goldene Armringe, wie sie von der Armee für besondere Verdienste verliehen wurden. Die symbolträchtigen Gegenstände sind um das Jahr 360 nach Christus zusammen mit Goldschmuck und etlichen Goldmünzen vergraben worden. Hiervon existieren noch eine Münze, drei Fingerringe, eine Spirale und vier Zierknöpfe unbekannter Funktion. Dicht daneben waren außerdem über 1200 römische Silbermünzen und zwei Schalen aus Silber und Bronze deponiert worden. Hiervon sind noch 18 Münzen erhalten. Vielleicht war das Emsland die Heimat des Schatzbesitzers, in die er nach dem Ende einer ebenso erfolg- wie ertragreichen militärischen Laufbahn in der römischen Armee zurückgekehrt war.  (Niedersächsisches Landesmuseum Hannover)

Funddatum: 1847</marc:subfield>
          </marc:datafield>
          <marc:datafield tag="650" ind1="1" ind2=" ">
            <marc:subfield code="a">Edelmetall</marc:subfield>
          </marc:datafield>
          <marc:datafield tag="650" ind1="1" ind2=" ">
            <marc:subfield code="a">Schatz</marc:subfield>
          </marc:datafield>
          <marc:datafield tag="650" ind1="1" ind2=" ">
            <marc:subfield code="a">Kleidung &gt; Accessoire, Zubehör &gt; Schmuck &gt; Schmuckreif</marc:subfield>
          </marc:datafield>
          <marc:datafield tag="650" ind1="1" ind2=" ">
            <marc:subfield code="a">Herstellung, Bearbeitung und Pflege von Fasern, Leder und Fellen &gt; Kurzwaren &gt; Verschluss &gt; Knopf</marc:subfield>
          </marc:datafield>
          <marc:datafield tag="650" ind1="1" ind2=" ">
            <marc:subfield code="a">Münze, Medaille, Zahlungsmittel &gt; Münze</marc:subfield>
          </marc:datafield>
          <marc:datafield tag="650" ind1="1" ind2=" ">
            <marc:subfield code="a">Münzen</marc:subfield>
          </marc:datafield>
          <marc:datafield tag="773" ind1="0" ind2=" ">
            <marc:subfield code="t">Archäologie</marc:subfield>
          </marc:datafield>
          <marc:datafield tag="852" ind1=" " ind2=" ">
            <marc:subfield code="a">Niedersächsisches Landesmuseum Hannover</marc:subfield>
          </marc:datafield>
          <marc:datafield tag="852" ind1=" " ind2=" ">
            <marc:subfield code="a">Lengerich (Emsland, Niedersachsen)</marc:subfield>
          </marc:datafield>
          <marc:datafield tag="" ind1=" " ind2=" ">
            <marc:subfield code="a">Namensnennung 4.0 International (CC BY 4.0)</marc:subfield>
          </marc:datafield>
        </marc:record>
      </metadata>
    </record>
  </GetRecord>
</OAI-PMH>
